00713nam a2200217 a 450000500170000000800410001704000250005804100080008304400070009110000220009824500630012026000980018330000300028165000220031165000240033365000440035766200340040170000180043570000230045370000190047620200211103006.0140217b2009 ck ||||| |||| 00| 0 spa d aCO-BoIAVHcCO-BoIAVH aspa ack aSalgado, Abelardo aPlan de manejo Parque Natural Regional Páramo del Duende aBogotábInstituto de Investigación de Recursos Biológicos Alexander von Humboldtc2009? a9 Páginas:c19 x 22 cm. 0aPáramos andinos 0aBosques altoandinos 0aConservación de páramosz Colombia. aColombiacPáramo del Duende aTapia, Carlos aVásquez, Adriana aVilla, Claudia